Sustainable Buildings in Practice What the Users Think (Record no. 3313)
[ view plain ]
| 000 -LEADER | |
|---|---|
| fixed length control field | 00283nam a2200109Ia 4500 |
| 008 - FIXED-LENGTH DATA ELEMENTS--GENERAL INFORMATION | |
| fixed length control field | 200302s9999 xx 000 0 und d |
| 100 ## - MAIN ENTRY--PERSONAL NAME | |
| Personal name | Alisong Kwok |
| 245 ## - TITLE STATEMENT | |
| Title | Sustainable Buildings in Practice What the Users Think |
| 260 ## - PUBLICATION, DISTRIBUTION, ETC. | |
| Name of publisher, distributor, etc. | Architectural Press |
| 260 ## - PUBLICATION, DISTRIBUTION, ETC. | |
| Date of publication, distribution, etc. | 2011 |
| 300 ## - PHYSICAL DESCRIPTION | |
| Extent | 424 |
| Withdrawn status | Lost status | Damaged status | Not for loan | Permanent Location | Current Location | Date acquired | Cost, normal purchase price | Total Checkouts | Full call number | Barcode | Date last seen | Date last checked out | Price effective from | Koha item type |
|---|---|---|---|---|---|---|---|---|---|---|---|---|---|---|
| BMS College of Architecture, Design and Planning | BMS College of Architecture, Design and Planning | 2020-03-03 | 4925.53 | 2 | 721.04672 | CL-UG64754 | 2024-07-27 | 2024-07-23 | 2020-03-03 | UG Books from CL |